| 000 | 00373cam a22001215i 4500 | ||
|---|---|---|---|
| 020 | _a9780143466567 | ||
| 082 | _a330.954 PAN/N | ||
| 100 | _aPanagariya, Arvind | ||
| 245 | 0 | 4 |
_aThe Nehru development model : _bhistory and its lasting impact / _cArvind Panagariya. |
| 260 |
_a. - Haryana _b: Penguin Random House India Ltd. _c, 2024 |
||
| 300 | _a519 pages | ||
| 942 |
_2ddc _cBK |
||
| 999 |
_c749092 _d749092 |
||